[Event "NATO-ch"]
[Site "Quebec CAN"]
[Date "2014.09.10"]
[Round "4.6"]
[White "Kruit, Erik"]
[Black "Pedersen, Finn"]
[Result "0-1"]
[WhiteElo "2024"]
[BlackElo "2278"]
[PlyCount "90"]
[EventDate "2014.09.08"]
[EventType "swiss"]
[EventRounds "7"]
[EventCountry "CAN"]
[Source "Chess Mix"]
[WhiteTeam "The Netherlands"]
[BlackTeam "Denmark"]
[BlackTeamCountry "DEN"]

1. e4 c6 2. d4 d5 3. exd5 cxd5 4. c4 Nf6 5. Nc3 e6 6. Nf3 Be7 7. Qb3 O-O 8. Bg5
dxc4 9. Bxc4 Nc6 10. Rd1 Na5 11. Qa4 a6 12. Bd3 b5 13. Qc2 h6 14. Bf4 Bb7 15.
Qe2 b4 16. Ne4 Qd5 17. Nxf6+ Bxf6 18. O-O Qxa2 19. Bd6 Rfc8 20. Bxb4 Qd5 21.
Rfe1 Nb3 22. Qe4 Qxe4 23. Bxe4 Bxe4 24. Rxe4 a5 25. Ba3 Rc4 26. Kf1 Rd8 27. Ke2
Nxd4+ 28. Nxd4 e5 29. f3 exd4 30. Kd3 Rdc8 31. Rde1 Kh7 32. Re8 Kg6 33. Rxc8
Rxc8 34. Re2 Kf5 35. Bd6 h5 36. Bg3 Rc1 37. Re1 Rc5 38. Ra1 Rb5 39. Ra2 a4 40.
Bf2 Rb3+ 41. Kc4 d3 42. Rxa4 Rxb2 43. Ra5+ Kf4 44. Bd4 d2 45. Bxf6 gxf6 0-1

[Event "NATO-ch"]
[Site "Quebec CAN"]
[Date "2014.09.10"]
[Round "4.7"]
[White "Aagaard, Gert"]
[Black "Kersic, Matej"]
[Result "1-0"]
[WhiteElo "2041"]
[BlackElo "2207"]
[PlyCount "77"]
[EventDate "2014.09.08"]
[EventType "swiss"]
[EventRounds "7"]
[EventCountry "CAN"]
[Source "Chess Mix"]
[WhiteTeam "Denmark"]
[BlackTeam "Slovenia"]
[WhiteTeamCountry "DEN"]
[BlackTeamCountry "SLO"]

1. d4 d5 2. c4 c6 3. Nf3 Nf6 4. Nc3 a6 5. e3 b5 6. cxd5 cxd5 7. Ne5 e6 8. Bd3
Be7 9. O-O O-O 10. Qf3 Bb7 11. Qh3 Nbd7 12. f3 g6 13. f4 Ne4 14. Bxe4 dxe4 15.
Bd2 Rc8 16. a3 f5 17. Rad1 Nxe5 18. fxe5 Bd5 19. g4 Bb3 20. gxf5 gxf5 21. Qh6
Bg5 22. Qh5 Kh8 23. Rc1 f4 24. Nxe4 Rxc1 25. Rxc1 Rg8 26. Kf2 fxe3+ 27. Bxe3
Bh4+ 28. Ng3 Bd5 29. Bf4 Rf8 30. Ke3 Bxg3 31. hxg3 Rg8 32. Qf7 Rf8 33. Qc7 Qxc7
34. Rxc7 a5 35. Ke2 Re8 36. Bg5 h5 37. Bf6+ Kg8 38. Ke3 a4 39. Kf4 1-0

[Event "NATO-ch"]
[Site "Quebec CAN"]
[Date "2014.09.10"]
[Round "4.8"]
[White "Bielawski, Michal"]
[Black "Van Rijn, Wouter"]
[Result "0-1"]
[WhiteElo "2051"]
[BlackElo "2176"]
[PlyCount "152"]
[EventDate "2014.09.08"]
[EventType "swiss"]
[EventRounds "7"]
[EventCountry "CAN"]
[Source "Chess Mix"]
[WhiteTeam "Poland"]
[BlackTeam "The Netherlands"]
[WhiteTeamCountry "POL"]

1. d4 c5 2. Nf3 cxd4 3. Nxd4 Nf6 4. g3 d5 5. Bg2 e5 6. Nb3 Nc6 7. c4 dxc4 8.
Bxc6+ bxc6 9. Qxd8+ Kxd8 10. Na5 Bb4+ 11. Bd2 Bxa5 12. Bxa5+ Kd7 13. Nd2 Ba6
14. Nf3 Ke6 15. Ng5+ Ke7 16. Bb4+ Ke8 17. Bd6 Nd7 18. O-O-O c5 19. Rd2 Rc8 20.
Rhd1 Bb5 21. f4 f6 22. Ne6 Kf7 23. Nc7 Bc6 24. Nd5 Bxd5 25. Rxd5 Ke6 26. Bxe5
Nb6 27. Rd6+ Kf5 28. Bc3 Rhe8 29. R1d2 Kg4 30. a4 Re7 31. a5 Na4 32. Rd7 Rce8
33. a6 Nb6 34. Rb7 Rxb7 35. axb7 Rb8 36. e4 Rxb7 37. e5 fxe5 38. Bxe5 Kh3 39.
Kc2 Na4 40. Rf2 g6 41. f5 gxf5 42. Rxf5 Kxh2 43. Rh5+ Kg2 44. g4 Kf3 45. Rh4
Ke4 46. Bf6 Nb6 47. g5+ Kf5 48. Rh1 Nd5 49. Bd8 Rd7 50. Ba5 Kxg5 51. Bd2+ Kg4
52. Rh6 Nb4+ 53. Kc3 Rd3+ 54. Kxc4 Rxd2 55. Rxh7 Rxb2 56. Kxc5 a6 57. Kc4 Nc6
58. Rh6 Nb8 59. Rf6 Kg5 60. Rf3 a5 61. Ra3 Nc6 62. Kc5 Rc2+ 63. Kb5 Kf4 64. Ka4
Ke4 65. Rh3 Kd5 66. Rh5+ Kc4 67. Rh4+ Kc5 68. Kb3 Rg2 69. Rh5+ Kb6 70. Rh6 Rg3+
71. Ka4 Rg4+ 72. Ka3 Re4 73. Rg6 Kb5 74. Rg5+ Ne5 75. Rg3 Re3+ 76. Rxe3 Nc4+
0-1

[Event "NATO-ch"]
[Site "Quebec CAN"]
[Date "2014.09.10"]
[Round "4.9"]
[White "Nill, Oliver"]
[Black "Kedzierski, Slawomir"]
[Result "1/2-1/2"]
[WhiteElo "2188"]
[BlackElo "2023"]
[PlyCount "45"]
[EventDate "2014.09.08"]
[EventType "swiss"]
[EventRounds "7"]
[EventCountry "CAN"]
[Source "Chess Mix"]
[WhiteTeam "Germany"]
[BlackTeam "NATO1"]
[WhiteTeamCountry "GER"]

1. c4 Nf6 2. Nc3 g6 3. g3 Bg7 4. Bg2 O-O 5. e4 d6 6. Nge2 e5 7. O-O c5 8. d3
Nc6 9. h3 Ne8 10. Nd5 Nc7 11. Rb1 Nxd5 12. exd5 Nd4 13. a3 a5 14. Nxd4 exd4 15.
b4 axb4 16. axb4 b6 17. Re1 Re8 18. Rxe8+ Qxe8 19. Bf4 Qd8 20. Ra1 Rxa1 21.
Qxa1 g5 22. Bd2 Bf6 23. b5 1/2-1/2

[Event "NATO-ch"]
[Site "Quebec CAN"]
[Date "2014.09.10"]
[Round "4.10"]
[White "Wagenaar, Harm Theo"]
[Black "Bohn, Ulrich"]
[Result "1-0"]
[WhiteElo "2055"]
[BlackElo "2147"]
[PlyCount "67"]
[EventDate "2014.09.08"]
[EventType "swiss"]
[EventRounds "7"]
[EventCountry "CAN"]
[Source "Chess Mix"]
[WhiteTeam "NATO2"]
[BlackTeam "Germany"]
[BlackTeamCountry "GER"]

1. d4 Nf6 2. Nf3 c5 3. d5 b5 4. Bg5 Ne4 5. Bf4 Bb7 6. Qd3 Qa5+ 7. c3 Nf6 8. e4
e6 9. Qxb5 Qxb5 10. Bxb5 Nxe4 11. dxe6 fxe6 12. O-O Bd6 13. Bxd6 Nxd6 14. Be2
Ne4 15. Rd1 Ke7 16. Nbd2 Nf6 17. Nb3 d6 18. Na5 Ba6 19. Bxa6 Nxa6 20. Rd2 Rhc8
21. Nc4 Rc6 22. Re1 d5 23. Nfe5 Rc7 24. Na5 c4 25. Nac6+ Kd6 26. Nd4 Rb7 27.
Nxc4+ dxc4 28. Rxe6+ Kc7 29. Rxa6 Re8 30. f3 Nd5 31. Rc6+ Kb8 32. Rxc4 Re1+ 33.
Kf2 Ra1 34. Nc6+ 1-0

[Event "NATO-ch"]
[Site "Quebec CAN"]
[Date "2014.09.10"]
[Round "4.11"]
[White "Onley, David"]
[Black "Lebrun, Roger"]
[Result "1-0"]
[WhiteElo "2120"]
[BlackElo "1976"]
[PlyCount "85"]
[EventDate "2014.09.08"]
[EventType "swiss"]
[EventRounds "7"]
[EventCountry "CAN"]
[Source "Chess Mix"]
[WhiteTeam "United Kingdom"]
[BlackTeam "Canada 2"]

1. e4 c5 2. Nf3 d6 3. Bb5+ Bd7 4. Bxd7+ Qxd7 5. O-O Nc6 6. d4 cxd4 7. Nxd4 Nxd4
8. Qxd4 e5 9. Qd3 h6 10. c4 Nf6 11. Nc3 a6 12. a4 Rc8 13. b3 Be7 14. Ba3 O-O
15. Rfd1 Rfd8 16. Qe2 Qc6 17. Rd3 Rd7 18. Rad1 Bf8 19. Qe3 Rcd8 20. Nd5 Nxd5
21. cxd5 Qc8 22. Rc1 Rc7 23. Rdc3 Rdd7 24. Bb4 Rxc3 25. Qxc3 Qxc3 26. Rxc3 g6
27. Rc8 Kg7 28. Kf1 f5 29. f3 fxe4 30. fxe4 Be7 31. Ba5 h5 32. Ke2 Bg5 33. b4
h4 34. g3 hxg3 35. hxg3 Bf6 36. b5 axb5 37. axb5 Kf7 38. Bc7 Bg5 39. b6 Bc1 40.
Rb8 Ba3 41. Rxb7 Bc5 42. Ra7 Kf6 43. Ra8 1-0

[Event "NATO-ch"]
[Site "Quebec CAN"]
[Date "2014.09.10"]
[Round "4.12"]
[White "Demjen, Attila"]
[Black "Hansen, Steven E"]
[Result "1/2-1/2"]
[WhiteElo "2007"]
[BlackElo "2102"]
[PlyCount "113"]
[EventDate "2014.09.08"]
[EventType "swiss"]
[EventRounds "7"]
[EventCountry "CAN"]
[Source "Chess Mix"]
[WhiteTeam "Hungary"]
[BlackTeam "Denmark"]
[WhiteTeamCountry "HUN"]
[BlackTeamCountry "DEN"]

1. e4 e6 2. d4 d5 3. e5 c5 4. c3 Nc6 5. Nf3 Bd7 6. a3 c4 7. g3 Qb6 8. Bh3 Nge7
9. Nbd2 Na5 10. Nf1 h6 11. Ne3 O-O-O 12. O-O Kb8 13. Nc2 g5 14. Nb4 Ng6 15. Rb1
Nb3 16. Be3 Be7 17. Nd2 a5 18. Na2 Rdg8 19. Nxb3 Qxb3 20. Qxb3 cxb3 21. Nc1 a4
22. Re1 Bb5 23. Bf1 Bxf1 24. Kxf1 Nf8 25. Nd3 Nd7 26. Ke2 b5 27. Rf1 Nb6 28. f4
Rf8 29. f5 Nc4 30. Bc1 Kc7 31. f6 Bd8 32. Nf2 Kc6 33. Nd1 Bb6 34. Ne3 Ra8 35.
h3 Ba5 36. Bd2 Bb6 37. Bc1 Rag8 38. Rd1 Rg6 39. Rf1 Bc7 40. Bd2 Bb8 41. Bc1 h5
42. Nxc4 dxc4 43. Be3 Kd5 44. Rbd1 g4 45. h4 Bc7 46. Rf4 Ra8 47. Rff1 Rgg8 48.
Rf4 Rgc8 49. Bd2 Bb6 50. Rf2 Ra7 51. Rff1 Rd7 52. Be3 Rcd8 53. Rf4 Ra7 54. Rff1
Rc8 55. Rc1 Bd8 56. Rf2 Ba5 57. Rff1 1/2-1/2

[Event "NATO-ch"]
[Site "Quebec CAN"]
[Date "2014.09.10"]
[Round "4.13"]
[White "Macaspac, Arthur"]
[Black "Wells, Daniel"]
[Result "1-0"]
[WhiteElo "2106"]
[BlackElo "2002"]
[PlyCount "95"]
[EventDate "2014.09.08"]
[EventType "swiss"]
[EventRounds "7"]
[EventCountry "CAN"]
[Source "Chess Mix"]
[WhiteTeam "USA"]
[BlackTeam "United Kingdom"]

1. Nf3 Nf6 2. d4 g6 3. Bf4 Bg7 4. e3 O-O 5. h3 d6 6. c4 c5 7. Nc3 Nfd7 8. Be2
Nc6 9. Qd2 a6 10. O-O Rb8 11. Rfd1 b6 12. Rab1 Nf6 13. d5 Na7 14. b4 Bf5 15.
Bd3 Bxd3 16. Qxd3 cxb4 17. Rxb4 Nd7 18. Nd4 Qc7 19. Nce2 Nc5 20. Qb1 Rfc8 21.
Rc1 Rb7 22. e4 Rcb8 23. Be3 b5 24. cxb5 Nxb5 25. Nxb5 Rxb5 26. a3 Qa5 27. Bxc5
dxc5 28. Rxc5 Rxb4 29. Qxb4 Qxb4 30. axb4 Rxb4 31. Rc8+ Bf8 32. f3 Kg7 33. e5
a5 34. Kf2 a4 35. Ra8 Rb5 36. Nf4 g5 37. Nh5+ Kh6 38. g4 Bg7 39. Ra6+ f6 40.
exf6 Bxf6 41. Nxf6 exf6 42. Rxf6+ Kg7 43. Ra6 Rxd5 44. Rxa4 Rd2+ 45. Kg3 h6 46.
h4 Rc2 47. Ra7+ Kg6 48. h5+ 1-0

[Event "NATO-ch"]
[Site "Quebec CAN"]
[Date "2014.09.10"]
[Round "4.14"]
[White "Koopmeiners, Karl"]
[Black "Michalski, Daniel"]
[Result "1/2-1/2"]
[WhiteElo "2023"]
[BlackElo "2090"]
[PlyCount "66"]
[EventDate "2014.09.08"]
[EventType "swiss"]
[EventRounds "7"]
[EventCountry "CAN"]
[Source "Chess Mix"]
[WhiteTeam "NATO2"]
[BlackTeam "Poland"]
[BlackTeamCountry "POL"]

1. d4 Nf6 2. c4 g6 3. Nc3 d5 4. cxd5 Nxd5 5. e4 Nxc3 6. bxc3 Bg7 7. Nf3 O-O 8.
Be2 b6 9. h4 c5 10. h5 cxd4 11. cxd4 Nc6 12. hxg6 hxg6 13. Be3 Qd6 14. d5 Ne5
15. Nd4 Qb4+ 16. Kf1 f5 17. Rb1 Qd6 18. exf5 Bxf5 19. Nxf5 Rxf5 20. Kg1 Raf8
21. Rc1 Nf7 22. Rc6 Qxd5 23. Qxd5 Rxd5 24. Rxg6 Rc8 25. Rh3 Rd6 26. Rgg3 Kf8
27. Rh7 Be5 28. Bh5 Bxg3 29. Rxf7+ Kg8 30. fxg3 Rd5 31. Bg6 Rd6 32. Bh5 Rd5 33.
Bg6 Rd6 1/2-1/2

[Event "NATO-ch"]
[Site "Quebec CAN"]
[Date "2014.09.10"]
[Round "4.15"]
[White "Dusak, Aljaz"]
[Black "Cheung, Jan"]
[Result "1/2-1/2"]
[WhiteElo "1970"]
[BlackElo "2087"]
[PlyCount "33"]
[EventDate "2014.09.08"]
[EventType "swiss"]
[EventRounds "7"]
[EventCountry "CAN"]
[Source "Chess Mix"]
[WhiteTeam "Slovenia"]
[BlackTeam "The Netherlands"]
[WhiteTeamCountry "SLO"]

1. d4 Nf6 2. Nf3 g6 3. g3 Bg7 4. Bg2 O-O 5. O-O d5 6. Nbd2 c6 7. c4 dxc4 8.
Nxc4 Be6 9. Qc2 Na6 10. Bd2 Bf5 11. Qb3 Rb8 12. Bf4 Nc7 13. Be5 Ng4 14. Bxg7
Kxg7 15. h3 Nf6 16. Rfd1 Qc8 17. Kh2 1/2-1/2

[Event "NATO-ch"]
[Site "Quebec CAN"]
[Date "2014.09.10"]
[Round "4.16"]
[White "Simard, Francois"]
[Black "Oltean, Gusztav"]
[Result "0-1"]
[WhiteElo "1961"]
[BlackElo "2104"]
[PlyCount "52"]
[EventDate "2014.09.08"]
[EventType "swiss"]
[EventRounds "7"]
[EventCountry "CAN"]
[Source "Chess Mix"]
[WhiteTeam "Canada"]
[BlackTeam "Hungary"]
[WhiteTeamCountry "CAN"]
[BlackTeamCountry "HUN"]

1. d4 d5 2. c4 c6 3. cxd5 cxd5 4. Nc3 Nf6 5. Nf3 Nc6 6. Bg5 Ne4 7. Qc1 Qa5 8.
Bd2 Nxd2 9. Qxd2 Bf5 10. Rc1 e6 11. e3 Rc8 12. Bb5 Be7 13. Ne5 O-O 14. Nxc6
bxc6 15. Bd3 Bxd3 16. Qxd3 c5 17. dxc5 Rxc5 18. O-O Rfc8 19. Rc2 Rc4 20. Rfc1
Bf6 21. a3 Qc7 22. Qd1 Qc6 23. f4 Qb6 24. Qe2 Qa5 25. Ne4 Rxc2 26. Nxf6+ gxf6
0-1

[Event "NATO-ch"]
[Site "Quebec CAN"]
[Date "2014.09.10"]
[Round "4.17"]
[White "Marquardt, Christian"]
[Black "Csizmadia, Csaba"]
[Result "1-0"]
[WhiteElo "2078"]
[BlackElo "1863"]
[PlyCount "121"]
[EventDate "2014.09.08"]
[EventType "swiss"]
[EventRounds "7"]
[EventCountry "CAN"]
[Source "Chess Mix"]
[WhiteTeam "Germany"]
[BlackTeam "Hungary"]
[WhiteTeamCountry "GER"]
[BlackTeamCountry "HUN"]

1. c4 Nf6 2. Nc3 e5 3. g3 Bc5 4. Bg2 a6 5. e3 O-O 6. Nge2 Nc6 7. O-O d6 8. d3
Bg4 9. h3 Bh5 10. a3 Re8 11. b4 Ba7 12. Bb2 Rb8 13. Qd2 Qe7 14. Rac1 Bg6 15.
Nd5 Qd8 16. a4 Nxd5 17. cxd5 Ne7 18. Rc4 Qd7 19. Rfc1 Rbc8 20. Qc2 Bb8 21. Qb3
f6 22. R4c2 Rf8 23. b5 axb5 24. axb5 Bf7 25. Nc3 c5 26. b6 Qd8 27. Rb1 Nc6 28.
Ba3 Ne7 29. Qa4 Bg6 30. Qc4 Qd7 31. Bc1 Qf5 32. e4 Qd7 33. f4 Bf7 34. Rf2 Qd8
35. Qa4 Be8 36. Qd1 Bd7 37. Be3 Qe8 38. Qe2 Qg6 39. Kh2 Qe8 40. Qa2 Qd8 41. Qa8
f5 42. Qxb7 fxe4 43. dxe4 Ng6 44. f5 Nh8 45. Bf1 Rf7 46. Qa6 g6 47. fxg6 Rxf2+
48. Bxf2 Nxg6 49. Be3 Qe7 50. Bb5 Rf8 51. Bxd7 Qxd7 52. Rf1 Rxf1 53. Qxf1 Kg7
54. Kg2 Qb7 55. Qb5 Ne7 56. Bg5 Nc8 57. Bd8 Kg6 58. Nd1 Kh6 59. Ne3 Qf7 60. Qc6
Nxb6 61. Bxb6 1-0

[Event "NATO-ch"]
[Site "Quebec CAN"]
[Date "2014.09.10"]
[Round "4.22"]
[White "Balmaceda, Enrico"]
[Black "Langer, Herb"]
[Result "1/2-1/2"]
[WhiteElo "2054"]
[BlackElo "1813"]
[PlyCount "54"]
[EventDate "2014.09.08"]
[EventType "swiss"]
[EventRounds "7"]
[EventCountry "CAN"]
[Source "Chess Mix"]
[WhiteTeam "USA"]
[BlackTeam "Veterans"]

1. Nf3 d5 2. c4 c6 3. b3 Nf6 4. Bb2 Bf5 5. cxd5 cxd5 6. d3 e6 7. g3 Bb4+ 8.
Nbd2 O-O 9. Bg2 Nbd7 10. O-O Rc8 11. Rc1 Qe7 12. Nb1 a6 13. a3 Bd6 14. b4 b5
15. Qb3 e5 16. Rxc8 Rxc8 17. Rc1 Rxc1+ 18. Bxc1 h6 19. Nfd2 Be6 20. Qc2 Nb6 21.
Qc6 Qc7 22. Qxc7 Bxc7 23. Nc3 Bd6 24. Kf1 Kf8 25. h3 Ke7 26. e3 g5 27. Ke2 Ne8
1/2-1/2

[Event "NATO-ch"]
[Site "Quebec CAN"]
[Date "2014.09.10"]
[Round "4.23"]
[White "Hater, David"]
[Black "Murray, Brian"]
[Result "1-0"]
[WhiteElo "2034"]
[BlackElo "1633"]
[PlyCount "105"]
[EventDate "2014.09.08"]
[EventType "swiss"]
[EventRounds "7"]
[EventCountry "CAN"]
[Source "Chess Mix"]
[WhiteTeam "USA"]
[BlackTeam "Canada 2"]

1. e4 e5 2. Nf3 d6 3. Bc4 Nf6 4. Ng5 d5 5. exd5 Nxd5 6. d4 Be7 7. Nxf7 Kxf7 8.
Qf3+ Ke8 9. Bxd5 Rf8 10. Qb3 c6 11. Bf3 Qxd4 12. Nc3 Na6 13. Be3 Nc5 14. Bxd4
Nxb3 15. axb3 exd4 16. Ne2 c5 17. O-O Bf5 18. Bxb7 Rb8 19. Bc6+ Kd8 20. Rxa7
Bxc2 21. Rd7+ Ke8 22. Rxd4+ Kf7 23. Rf4+ Kg8 24. Bd5+ Kh8 25. Rxf8+ Bxf8 26.
Rc1 Bxb3 27. Bxb3 Rxb3 28. Rc2 Bd6 29. Nc3 h6 30. g3 Be5 31. f4 Bd4+ 32. Kf1 g6
33. Ke2 c4 34. Kf3 Kg7 35. Ke4 Bf6 36. Kd5 Rb4 37. Nd1 g5 38. Rxc4 Rb3 39. Rc7+
Kg6 40. Kc4 Rb8 41. b4 gxf4 42. gxf4 Kf5 43. Ne3+ Kxf4 44. Nd5+ Ke5 45. Nxf6
Kxf6 46. b5 h5 47. Kc5 Kg5 48. b6 Kg4 49. b7 Kh3 50. Rh7 h4 51. Kb6 Kxh2 52.
Rxh4+ Kg3 53. Rc4 1-0

[Event "NATO-ch"]
[Site "Quebec CAN"]
[Date "2014.09.10"]
[Round "4.24"]
[White "Tucker, David Sidney"]
[Black "Stuhr, Finn"]
[Result "1-0"]
[WhiteElo "2042"]
[BlackElo "1800"]
[PlyCount "55"]
[EventDate "2014.09.08"]
[EventType "swiss"]
[EventRounds "7"]
[EventCountry "CAN"]
[Source "Chess Mix"]
[WhiteTeam "United Kingdom"]
[BlackTeam "Denmark"]
[BlackTeamCountry "DEN"]

1. e4 c6 2. Nc3 d5 3. Nf3 Bg4 4. h3 Bh5 5. exd5 cxd5 6. Bb5+ Nc6 7. d4 a6 8.
Bxc6+ bxc6 9. g4 Bg6 10. Ne5 Qc7 11. Bf4 Qb6 12. Rb1 e6 13. O-O Nf6 14. Re1 Rc8
15. h4 c5 16. Be3 cxd4 17. Bxd4 Bc5 18. Na4 Qb5 19. Nxc5 Rxc5 20. Bxc5 Qxc5 21.
b4 Qc7 22. Rc1 Be4 23. Qd4 h6 24. c4 Qb8 25. c5 O-O 26. Re3 Qd8 27. c6 Ne8 28.
Rxe4 1-0

[Event "NATO-ch"]
[Site "Quebec CAN"]
[Date "2014.09.10"]
[Round "4.25"]
[White "Deneyer, Frank"]
[Black "Musselman, Charles"]
[Result "0-1"]
[WhiteElo "1736"]
[BlackElo "1995"]
[PlyCount "98"]
[EventDate "2014.09.08"]
[EventType "swiss"]
[EventRounds "7"]
[EventCountry "CAN"]
[Source "Chess Mix"]
[WhiteTeam "Belgium"]
[BlackTeam "NATO2"]
[WhiteTeamCountry "BEL"]

1. f4 Nc6 2. Nf3 d5 3. e3 Nf6 4. b3 g6 5. Bb2 Bg7 6. Bd3 Nb4 7. Qe2 Nxd3+ 8.
cxd3 O-O 9. O-O Re8 10. e4 c5 11. e5 Nh5 12. Ng5 f5 13. d4 h6 14. Nh3 cxd4 15.
Bxd4 Bh8 16. Qf2 b6 17. Qh4 e6 18. Qxd8 Rxd8 19. Nc3 Ba6 20. Rf3 Rd7 21. b4 Bg7
22. b5 Bb7 23. Ne2 Bf8 24. Be3 d4 25. Nxd4 Bxf3 26. Nxe6 Bd5 27. Nxf8 Kxf8 28.
Nf2 Ng7 29. g4 Be6 30. h3 Rc8 31. d4 Rdc7 32. a4 h5 33. g5 Bd5 34. Nd3 Rc4 35.
a5 Ne6 36. axb6 axb6 37. Ra6 Rb8 38. Bc1 Nxd4 39. Ba3+ Kf7 40. Bd6 Rb7 41. Ra8
Ne6 42. Nb4 Rc1+ 43. Kf2 Be4 44. Rh8 Kg7 45. Re8 Nxf4 46. e6 Nxh3+ 47. Ke2 Nxg5
48. e7 Bf3+ 49. Kf2 Ne4+ 0-1

[Event "NATO-ch"]
[Site "Quebec CAN"]
[Date "2014.09.10"]
[Round "4.26"]
[White "Middaugh, Jon S"]
[Black "Szczesniak, Andrzej"]
[Result "0-1"]
[WhiteElo "1767"]
[BlackElo "1969"]
[PlyCount "78"]
[EventDate "2014.09.08"]
[EventType "swiss"]
[EventRounds "7"]
[EventCountry "CAN"]
[Source "Chess Mix"]
[WhiteTeam "USA"]
[BlackTeam "NATO1"]

1. d4 Nf6 2. c4 e6 3. Nc3 c5 4. d5 exd5 5. cxd5 Bd6 6. Nf3 O-O 7. g3 Bc7 8. Bg2
d6 9. O-O a6 10. a4 Re8 11. Nd2 Nbd7 12. e4 Rb8 13. Qe2 Nf8 14. Ra3 Ng6 15. Rb3
Bd7 16. f4 Qe7 17. Re1 Ba5 18. Ndb1 Bb4 19. Bd2 Qd8 20. Qc4 Qa5 21. Bf1 b5 22.
axb5 axb5 23. Qe2 c4 24. Ra3 Bxa3 25. bxa3 Qa7+ 26. Be3 Qc7 27. Qb2 Nxe4 28.
Bd4 Nxc3 29. Rxe8+ Rxe8 30. Qxc3 f6 31. Bd3 Qd8 32. Bxg6 hxg6 33. Qd2 Qe7 34.
Nc3 Qe1+ 35. Qxe1 Rxe1+ 36. Kf2 Ra1 37. Ne4 Rxa3 38. Nxd6 Rd3 39. Bb2 Rd2+ 0-1

[Event "NATO-ch"]
[Site "Quebec CAN"]
[Date "2014.09.10"]
[Round "4.27"]
[White "Papler, Peter"]
[Black "Dekker, Ard"]
[Result "0-1"]
[WhiteElo "1613"]
[BlackElo "1940"]
[PlyCount "56"]
[EventDate "2014.09.08"]
[EventType "swiss"]
[EventRounds "7"]
[EventCountry "CAN"]
[Source "Chess Mix"]
[WhiteTeam "Slovenia"]
[BlackTeam "The Netherlands"]
[WhiteTeamCountry "SLO"]

1. d4 Nf6 2. Nf3 d5 3. e3 Bf5 4. Nbd2 e6 5. Nh4 Bg4 6. Nhf3 c5 7. c3 Nc6 8. Bd3
c4 9. Bb1 Bd6 10. O-O Qc7 11. h3 Bh5 12. Re1 O-O 13. e4 dxe4 14. Nxe4 Nxe4 15.
Bxe4 Ne7 16. Bd2 Rab8 17. Qc1 f5 18. Bc2 Bxf3 19. gxf3 Rf6 20. b3 b5 21. Qd1
Nd5 22. Rc1 Qf7 23. Qe2 Qh5 24. Qf1 Qxf3 25. Qg2 Rg6 26. Qxg6 hxg6 27. Rxe6 Bf4
28. Bd1 Qxh3 0-1

[Event "NATO-ch"]
[Site "Quebec CAN"]
[Date "2014.09.10"]
[Round "4.30"]
[White "Rosseel, Kimball"]
[Black "Chwieseni, Edward"]
[Result "1-0"]
[WhiteElo "1808"]
[BlackElo "1739"]
[PlyCount "105"]
[EventDate "2014.09.08"]
[EventType "swiss"]
[EventRounds "7"]
[EventCountry "CAN"]
[Source "Chess Mix"]
[WhiteTeam "Belgium"]
[BlackTeam "United Kingdom"]
[WhiteTeamCountry "BEL"]

1. d4 Nf6 2. Nf3 e6 3. e3 c5 4. Bd3 Nc6 5. O-O d5 6. b3 cxd4 7. exd4 Qc7 8. a3
Bd6 9. Bb2 h6 10. Nbd2 b6 11. Qe2 Bb7 12. Ne5 O-O-O 13. f4 Rdf8 14. c4 Nd7 15.
b4 Kb8 16. c5 Bxe5 17. fxe5 bxc5 18. bxc5 g6 19. Bc3 Ka8 20. a4 Na5 21. Rab1
Bc6 22. Bb5 Bxb5 23. axb5 Nc4 24. Nxc4 dxc4 25. Qxc4 f6 26. exf6 Rxf6 27. Rxf6
Nxf6 28. Qxe6 Rf8 29. b6 axb6 30. Qxb6 Qxb6 31. Rxb6 Nd5 32. Rb3 Nxc3 33. Rxc3
Kb7 34. Rb3+ Kc6 35. Rb6+ Kd5 36. Rxg6 Kxd4 37. Rxh6 Kxc5 38. Re6 Kd5 39. Re3
Rf5 40. Rf3 Ke6 41. Rxf5 Kxf5 42. Kf2 Kg4 43. g3 Kg5 44. Kf3 Kf5 45. h4 Kg6 46.
Kg4 Kh6 47. Kf5 Kg7 48. Kg5 Kh7 49. Kf6 Kg8 50. Kg6 Kh8 51. g4 Kg8 52. g5 Kh8
53. Kf7 1-0

[Event "NATO-ch"]
[Site "Quebec CAN"]
[Date "2014.09.10"]
[Round "4.31"]
[White "Ross, David C"]
[Black "Echavarria Hidalgo, Fernando"]
[Result "0-1"]
[WhiteElo "1583"]
[BlackElo "1788"]
[PlyCount "76"]
[EventDate "2014.09.08"]
[EventType "swiss"]
[EventRounds "7"]
[EventCountry "CAN"]
[Source "Chess Mix"]
[WhiteTeam "NATO2"]
[BlackTeam "NATO1"]

1. e4 c6 2. d4 d5 3. e5 Bf5 4. Bd3 Bxd3 5. Qxd3 e6 6. Nf3 Nd7 7. a3 c5 8. c3
cxd4 9. cxd4 Rc8 10. O-O Qb6 11. Nbd2 Ne7 12. b4 Ng6 13. Nb3 Be7 14. Nc5 Nxc5
15. dxc5 Qc6 16. Bb2 O-O 17. Rac1 a6 18. Rfe1 Rfd8 19. Qe3 h6 20. Nd4 Qe8 21.
Nf3 Nh4 22. Nd4 Ng6 23. Rc2 Bg5 24. Qf3 Ne7 25. g3 Nc6 26. Nxc6 Rxc6 27. h4 Be7
28. Rec1 Rdc8 29. Bd4 b6 30. Qb3 b5 31. a4 Ra8 32. Ra2 Rb8 33. axb5 Rxb5 34.
Qc3 Qb8 35. Rb1 a5 36. Rxa5 Rxa5 37. Qd3 Rb5 38. Bc3 Bxc5 0-1

[Event "NATO-ch"]
[Site "Quebec CAN"]
[Date "2014.09.11"]
[Round "5"]
[White "Nielsen, Jan Mose"]
[Black "Koopmeiners, Karl"]
[Result "1-0"]
[WhiteElo "2096"]
[BlackElo "2023"]
[PlyCount "85"]
[EventDate "2014.09.08"]
[EventType "swiss"]
[EventRounds "7"]
[EventCountry "CAN"]
[Source "ChessBase"]
[SourceDate "2014.11.20"]
[WhiteTeam "Denmark"]
[BlackTeam "NATO II"]
[WhiteTeamCountry "DEN"]

1. d4 d5 2. c4 c6 3. Nc3 Nf6 4. Nf3 e6 5. Bg5 h6 6. Bxf6 Qxf6 7. Qb3 a5 8. e4
dxe4 9. Nxe4 Bb4+ 10. Qxb4 axb4 11. Nxf6+ gxf6 12. Bd3 Nd7 13. O-O Nb6 14. b3
Rg8 15. Rfe1 Bd7 16. Re3 Ke7 17. Ne1 Rg5 18. Nc2 Rag8 19. g3 h5 20. h4 Rg4 21.
Kf1 Kd8 22. Be2 R4g7 23. Bxh5 f5 24. Rd3 Rh8 25. Be2 f4 26. Nxb4 Kc7 27. Rf3
Rg4 28. Rc3 Rg7 29. h5 fxg3 30. Rxg3 Rgh7 31. Bf3 f5 32. Nd3 Be8 33. Nf4 Bf7
34. Re1 Kd7 35. Ng6 Bxg6 36. Rxg6 Re7 37. Re3 Rhh7 38. Rg8 Nc8 39. c5 Reg7 40.
Rxg7+ Rxg7 41. Be2 Rh7 42. b4 b5 43. Ra3 1-0

[Event "NATO-ch"]
[Site "Quebec CAN"]
[Date "2014.09.11"]
[Round "5"]
[White "Pirs, Matjaz2"]
[Black "Rosseel, Kimball"]
[Result "1-0"]
[WhiteElo "2051"]
[BlackElo "1808"]
[PlyCount "111"]
[EventDate "2014.09.08"]
[EventType "swiss"]
[EventRounds "7"]
[EventCountry "CAN"]
[Source "ChessBase"]
[SourceDate "2014.11.20"]
[WhiteTeam "Slovenia"]
[BlackTeam "Belgium"]
[WhiteTeamCountry "SLO"]
[BlackTeamCountry "BEL"]

1. e4 e6 2. d4 d5 3. e5 c5 4. c3 Nc6 5. Nf3 Nh6 6. Bd3 cxd4 7. cxd4 Nf5 8. Bxf5
exf5 9. Nc3 Be6 10. O-O Be7 11. Be3 Qb6 12. Rb1 O-O 13. Qd3 Rac8 14. Rfd1 h6
15. h4 Qd8 16. g3 a6 17. Kg2 Na5 18. b3 b5 19. Ne2 Qd7 20. Nf4 Rc6 21. Nh5 Rfc8
22. Qd2 Nb7 23. Bxh6 Rc2 24. Qf4 Bf8 25. Bxg7 Bxg7 26. Qg5 Kf8 27. Qxg7+ Ke7
28. Qf6+ Kf8 29. Ng5 Qc6 30. Nf4 Ke8 31. Ngxe6 fxe6 32. Nxe6 Nd8 33. Ng7+ Kd7
34. Qxc6+ R8xc6 35. Nxf5 Ke6 36. Ne3 Rxa2 37. Rd3 a5 38. h5 a4 39. bxa4 bxa4
40. g4 Nf7 41. Kg3 Ng5 42. f3 a3 43. h6 Ra6 44. Ng2 Ra5 45. Nf4+ Kf7 46. Rc3
Ra7 47. Nxd5 Ke6 48. Rb6+ Kf7 49. Rf6+ Ke8 50. Rc8+ Kd7 51. Nb6+ Ke7 52. d5 Rd2
53. d6+ Rxd6 54. Rxd6 a2 55. Nd5+ Kf7 56. Rf6# 1-0